|
|
|
|
| LEADER |
00000nab a2200000 a 4500 |
| 001 |
vtls009006171 |
| 003 |
SK-MaSNL |
| 005 |
20260303065729.0 |
| 008 |
070710c20070516xo dr n 000 00slo |
| 038 |
|
|
|a SVKPOCL
|
| 040 |
|
|
|a SVKPOCL
|b slo
|c AACR2
|e AACR2
|
| 041 |
|
|
|a slo
|
| 044 |
|
|
|a xo
|c SK
|
| 080 |
|
|
|a 796.332.071
|2 2001
|
| 080 |
|
|
|a 929 Kozman, Anton
|2 2001
|
| 100 |
1 |
|
|a Jacoš, Ján,
|d 1963-
|4 aut
|9 11515
|
| 245 |
1 |
0 |
|a Anton Kozman - 70
|c [autor] (jac) ; foto: Viktor Zamborský
|
| 300 |
|
|
|a Fotogr.
|
| 600 |
1 |
7 |
|a Kozman, Anton,
|d 1937-2011
|2 svkpocl
|9 169918
|
| 650 |
0 |
7 |
|a futbal
|x osobnosti
|2 svkpocl
|9 1040197
|
| 651 |
|
7 |
|a Prešov (Slovensko)
|2 svkpocl
|9 17347
|
| 773 |
0 |
|
|t Prešovský večerník
|g Roč. XVIII, č. 4199 (16.5.2007), s. 19
|x 1336-4030
|
| 852 |
|
|
|a SVKPO
|b KIS3GCP
|
| 856 |
4 |
1 |
|u www.vecernik.po.sk
|
| 958 |
|
|
|a RG
|
| 999 |
|
|
|c 1752402
|d 1754332
|